[Event "TournoiMI Condom 2013"]
[Site "Condom"]
[Date "????.??.??"]
[Round "6.4"]
[White "Bressac, Stephane"]
[Black "Manea, Alexandru"]
[Result "1/2-1/2"]
[WhiteElo "2250"]
[BlackElo "2389"]
[PlyCount "89"]

1. e4 c6 2. d4 d6 3. Nc3 Qc7 4. f4 e5 5. fxe5 dxe5 6. dxe5 Be6 7. Nf3 Nd7 8.
Bf4 O-O-O 9. Bd3 Ne7 10. Qe2 Ng6 11. Bg3 Ngxe5 12. O-O-O Bd6 13. Kb1 Rhe8 14.
h3 Nxf3 15. Bxd6 Nd2+ 16. Rxd2 Qxd6 17. Rhd1 Qe5 18. Bc4 Nc5 19. Bxe6+ Nxe6 20.
Rxd8+ Rxd8 21. Rxd8+ Kxd8 22. a3 Ke8 23. Qf2 Nd4 24. Ne2 Nxe2 25. Qxe2 h5 26.
Qf3 g6 27. b3 Ke7 28. a4 c5 29. c3 Qe6 30. Kb2 c4 31. b4 a6 32. a5 Qd6 33. Qe3
Ke6 34. Kc1 h4 35. Qe2 Qf4+ 36. Kd1 Ke5 37. Qxc4 Qxe4 38. Qc7+ Kf6 39. Qd8+ Kg7
40. Qd2 Kf6 41. Qd8+ Kg7 42. Qd2 f6 43. Qe2 Qb1+ 44. Kd2 Qa2+ 45. Ke3 1/2-1/2

[Event "TournoiMI Condom 2013"]
[Site "Condom"]
[Date "????.??.??"]
[Round "7.1"]
[White "Favarel, Antoine"]
[Black "Van Elst, Andreas"]
[Result "1-0"]
[WhiteElo "2347"]
[BlackElo "2279"]
[PlyCount "101"]

1. d4 Nf6 2. c4 g6 3. Nc3 Bg7 4. g3 O-O 5. Bg2 d6 6. Nf3 Nbd7 7. O-O e5 8. e4
c6 9. h3 Qa5 10. Re1 exd4 11. Nxd4 Ne5 12. Bf1 Re8 13. Be3 c5 14. Nb3 Qb4 15.
a3 Qb6 16. Nd2 Be6 17. b4 Nfd7 18. Rb1 Qc7 19. Nd5 Qc8 20. Kh2 f5 21. Nf4 Nf6
22. Bg2 cxb4 23. Nxe6 Qxe6 24. exf5 Qxf5 25. axb4 Re7 26. c5 d5 27. Nb3 Nc4 28.
Bd4 Rxe1 29. Qxe1 Re8 30. Qc3 Ne4 31. Qf3 Qd7 32. Qd3 Ne5 33. Qd1 Nc6 34. Bxg7
Kxg7 35. b5 Nd8 36. Qd4+ Nf6 37. b6 Nc6 38. Qf4 a6 39. Nd4 Nxd4 40. Qxd4 Qe6
41. Rb3 Qc6 42. g4 Kg8 43. Rd3 a5 44. g5 Ne4 45. Qxd5+ Qxd5 46. Rxd5 Nc3 47.
Rd7 Na4 48. Bd5+ Kh8 49. Rc7 h6 50. Bxb7 Re5 51. Bd5 1-0

[Event "TournoiMI Condom 2013"]
[Site "Condom"]
[Date "2013.07.18"]
[Round "7.3"]
[White "Ouerk, Yanis"]
[Black "Bressac, Stephane"]
[Result "1-0"]
[WhiteElo "2248"]
[BlackElo "2250"]
[PlyCount "121"]
[EventDate "2013.??.??"]

1. d4 Nf6 2. c4 c5 3. d5 b5 4. cxb5 a6 5. bxa6 g6 6. Nc3 Bxa6 7. Nf3 d6 8. g3
Bg7 9. Bg2 Nbd7 10. Rb1 Nb6 11. b3 O-O 12. O-O Bb7 13. Nh4 Ne8 14. Bb2 Bxc3 15.
Bxc3 Rxa2 16. Ra1 Qa8 17. e4 Nf6 18. Qc1 Rxa1 19. Bxa1 Qd8 20. Qg5 Bc8 21. Rc1
Nh5 22. Bc3 f6 23. Qe3 g5 24. Nf3 Ng7 25. Nd2 Qc7 26. Ba5 Qa7 27. b4 Nd7 28.
Nb3 Qa8 29. Ra1 cxb4 30. Bxb4 Qb8 31. Be1 Ne5 32. Nd4 Qb2 33. Bc3 Qb6 34. Nf5
Qxe3 35. Nxe3 Kf7 36. Ra7 Rd8 37. Ra8 Rf8 38. Bf1 h5 39. f4 gxf4 40. gxf4 Nf3+
41. Kh1 f5 42. Bh3 Rg8 43. Kg2 Nh4+ 44. Kf2 Bd7 45. Rxg8 Kxg8 46. Bxg7 Kxg7 47.
Kg3 Ng6 48. Bxf5 Bxf5 49. Nxf5+ Kf6 50. Kf3 e5 51. dxe6 d5 52. e7 dxe4+ 53.
Kxe4 Kf7 54. Kf3 Ke8 55. Ke3 Kf7 56. Ke4 Ke8 57. Kd5 Kd7 58. h4 Nxf4+ 59. Ke5
Nd3+ 60. Kf6 Nf4 61. Kf7 1-0

[Event "TournoiMI Condom 2013"]
[Site "Condom"]
[Date "????.??.??"]
[Round "7.4"]
[White "Milchev, Nikolay"]
[Black "Kirk, Ezra"]
[Result "1/2-1/2"]
[WhiteElo "2433"]
[BlackElo "2290"]
[PlyCount "72"]

1. d4 Nf6 2. Nf3 g6 3. c4 Bg7 4. Nc3 O-O 5. e4 d6 6. h3 e5 7. d5 a5 8. Bg5 Na6
9. Nd2 Qe8 10. g4 Nd7 11. h4 f6 12. Be3 f5 13. gxf5 gxf5 14. exf5 Ndc5 15. Nde4
Bxf5 16. Ng3 e4 17. Nxf5 Rxf5 18. Qg4 Rf7 19. a3 Kh8 20. Be2 Nb3 21. Rd1 Nac5
22. h5 Be5 23. h6 Qg8 24. Qh4 Raf8 25. Nxe4 Rf4 26. Bxf4 Rxf4 27. Qg5 Nxe4 28.
Qxg8+ Kxg8 29. Rd3 Nd4 30. Rg1+ Kf8 31. Rg2 Rh4 32. Rg4 Nc2+ 33. Kf1 Rxg4 34.
Bxg4 Nf6 35. Bd1 Na1 36. b4 b6 1/2-1/2

[Event "TournoiMI Condom 2013"]
[Site "Condom"]
[Date "????.??.??"]
[Round "7.5"]
[White "Bellahcene, Bilel"]
[Black "Vedmediuc, Serghei"]
[Result "0-1"]
[WhiteElo "2325"]
[BlackElo "2460"]
[PlyCount "76"]

1. d4 g6 2. c4 Bg7 3. Nc3 d6 4. Nf3 Nf6 5. e4 O-O 6. Be2 e5 7. O-O Nc6 8. d5
Ne7 9. Ne1 Nd7 10. Nd3 f5 11. f3 f4 12. b4 g5 13. c5 Ng6 14. Ba3 Nf6 15. Rc1
Rf7 16. b5 h5 17. Qb3 g4 18. b6 axb6 19. cxd6 cxd6 20. Nb5 Bf8 21. fxg4 hxg4
22. Nf2 f3 23. gxf3 Nf4 24. Bd1 g3 25. hxg3 Rg7 26. Ng4 N4h5 27. Kg2 Nxg4 28.
fxg4 Bxg4 29. Bxg4 Rxg4 30. Rf3 Qg5 31. Rh1 Rc8 32. Bxd6 Nxg3 33. Rxg3 Rc2+ 34.
Qxc2 Rxg3+ 35. Kf1 Qf4+ 36. Qf2 Rf3 37. Rh2 Qxe4 38. Rg2+ Bg7 0-1

[Event "TournoiMI Condom 2013"]
[Site "Condom"]
[Date "????.??.??"]
[Round "7.2"]
[White "Manea, Alexandru"]
[Black "Song, Julien"]
[Result "1-0"]
[WhiteElo "2389"]
[BlackElo "2409"]
[PlyCount "87"]

1. c4 f5 2. g3 Nf6 3. Bg2 e6 4. d4 Be7 5. Nc3 O-O 6. Nh3 d6 7. Bg5 c6 8. Bf4
Nh5 9. e3 Nxf4 10. Nxf4 e5 11. Nfe2 Be6 12. b3 Bf7 13. Qd2 Nd7 14. Rd1 Bh5 15.
f3 Qe8 16. dxe5 Nxe5 17. O-O Rd8 18. Rde1 Kh8 19. f4 Ng4 20. Nd4 Qf7 21. h3 Nh6
22. e4 Bg6 23. Kh2 Rfe8 24. exf5 Bxf5 25. g4 Bc8 26. f5 Bh4 27. Rxe8+ Rxe8 28.
Nf3 Bd8 29. Kh1 Ba5 30. Qd3 Qe7 31. Re1 Qd8 32. Rxe8+ Qxe8 33. Ne4 Bb4 34. f6
gxf6 35. Qd4 Qg6 36. Nh4 Qg7 37. Nxd6 Bxd6 38. Qxd6 Qd7 39. Qxf6+ Qg7 40. Qd8+
Ng8 41. Nf3 Bd7 42. Qb8 b5 43. cxb5 cxb5 44. Qxa7 1-0

[Event "TournoiMI Condom 2013"]
[Site "Condom"]
[Date "????.??.??"]
[Round "8.1"]
[White "Van Elst, Andreas"]
[Black "Vedmediuc, Serghei"]
[Result "1/2-1/2"]
[WhiteElo "2279"]
[BlackElo "2460"]
[PlyCount "34"]

1. e4 c5 2. Nf3 e6 3. Nc3 a6 4. d4 cxd4 5. Nxd4 Qc7 6. g3 Nc6 7. Bg2 Nf6 8. O-O
Bc5 9. Nb3 Be7 10. f4 d6 11. a4 O-O 12. a5 b5 13. axb6 Qxb6+ 14. Kh1 Rb8 15.
Qe2 Nb4 16. Na5 Qc7 17. Be3 Bd7 1/2-1/2

[Event "TournoiMI Condom 2013"]
[Site "Condom"]
[Date "????.??.??"]
[Round "8.3"]
[White "Bressac, Stephane"]
[Black "Milchev, Nikolay"]
[Result "0-1"]
[WhiteElo "2250"]
[BlackElo "2433"]
[PlyCount "80"]

1. e4 e5 2. Nf3 Nf6 3. Nxe5 d6 4. Nf3 Nxe4 5. Nc3 Nxc3 6. dxc3 Be7 7. Bf4 O-O
8. Qd2 Nd7 9. O-O-O Nc5 10. Kb1 a5 11. h4 a4 12. a3 Re8 13. Bd3 Nxd3 14. Qxd3
Ra5 15. Rde1 Bf5 16. Qd2 Bf6 17. Rxe8+ Qxe8 18. Re1 Qd7 19. Qe3 h6 20. g3 Qb5
21. Qe8+ Qxe8 22. Rxe8+ Kh7 23. Kc1 Bd7 24. Re1 g5 25. hxg5 hxg5 26. Be3 Kg6
27. Nd2 Re5 28. f3 Bc6 29. Kd1 Rb5 30. Kc1 Rf5 31. g4 Re5 32. Kd1 Rb5 33. Kc1
Be5 34. Rh1 Bg3 35. Rg1 Re5 36. Nc4 Rxe3 37. Rxg3 Rxf3 38. Rg1 Bd5 39. Nd2 Rf4
40. Nf1 Bf3 0-1

[Event "TournoiMI Condom 2013"]
[Site "Condom"]
[Date "????.??.??"]
[Round "8.4"]
[White "Song, Julien"]
[Black "Ouerk, Yanis"]
[Result "1-0"]
[WhiteElo "2409"]
[BlackElo "2248"]
[PlyCount "105"]

1. d4 Nf6 2. Nf3 g6 3. g3 Bg7 4. Bg2 O-O 5. O-O d6 6. a4 Nbd7 7. a5 c6 8. Nc3
Qc7 9. e4 e5 10. h3 Rb8 11. Be3 b5 12. axb6 axb6 13. dxe5 dxe5 14. b4 b5 15.
Nd2 Rd8 16. Qe2 Nf8 17. Nb3 Ne6 18. Rfd1 Bb7 19. Ra7 Bf8 20. Rxd8 Qxd8 21. Na2
Ra8 22. c3 Rxa7 23. Bxa7 Qa8 24. Be3 Bc8 25. Nac1 h6 26. Nd3 Qa3 27. Qc2 Nd7
28. Na5 c5 29. Nc6 f6 30. bxc5 Ndxc5 31. Ndb4 Bb7 32. Qd2 Qa8 33. Qd5 Qe8 34.
Bf1 Na4 35. Qxb5 Bxc6 36. Nxc6 Nxc3 37. Qc4 Nd1 38. Bb6 Bc5 39. Bxc5 Qxc6 40.
Qb3 Nc3 41. Bc4 Qxc5 42. Bxe6+ Kf8 43. Qb8+ Ke7 44. Bb3 Qc6 45. Qb4+ Kd8 46.
Qf8+ Kc7 47. Qf7+ Kb6 48. Bd5 Qd6 49. Qxg6 h5 50. Qxh5 Qb4 51. Qf3 f5 52. exf5
e4 53. Qe3+ 1-0

[Event "TournoiMI Condom 2013"]
[Site "Condom"]
[Date "????.??.??"]
[Round "8.5"]
[White "Favarel, Antoine"]
[Black "Manea, Alexandru"]
[Result "1/2-1/2"]
[WhiteElo "2347"]
[BlackElo "2389"]
[PlyCount "66"]

1. c4 f5 2. g3 Nf6 3. Bg2 g6 4. d4 Bg7 5. Nf3 O-O 6. b3 d6 7. Bb2 a5 8. a3 c6
9. O-O Na6 10. Qc2 Bd7 11. Nbd2 Qc7 12. Rfe1 Rae8 13. e4 Nxe4 14. Nxe4 fxe4 15.
Qxe4 Nc5 16. Qe3 a4 17. dxc5 Bxb2 18. Ra2 Bf6 19. b4 Rd8 20. h3 Bc8 21. cxd6
Rxd6 22. Ne5 Rfd8 23. Rae2 Kg7 24. Kh2 Rd1 25. Bf3 Rxe1 26. Rxe1 Bxe5 27. Qxe5+
Qxe5 28. Rxe5 Kf6 29. Re3 Rd2 30. Re2 Rd3 31. Re3 Rd2 32. Re2 Rd3 33. Re3 Rd2
1/2-1/2

[Event "TournoiMI Condom 2013"]
[Site "Condom"]
[Date "????.??.??"]
[Round "9.2"]
[White "Ouerk, Yanis"]
[Black "Favarel, Antoine"]
[Result "0-1"]
[WhiteElo "2248"]
[BlackElo "2347"]
[PlyCount "114"]

1. d4 Nf6 2. c4 e6 3. Nf3 d5 4. g3 dxc4 5. Bg2 Nc6 6. Qa4 Bb4+ 7. Bd2 Bd6 8.
Ne5 Bxe5 9. Bxc6+ bxc6 10. dxe5 Qd5 11. f3 Nd7 12. Nc3 Qc5 13. Ne4 Qb5 14. Qa3
c5 15. Ba5 Bb7 16. Bxc7 Bxe4 17. fxe4 Qb4+ 18. Qc3 f6 19. O-O Qxc3 20. bxc3 Rc8
21. Bd6 Rc6 22. Rfd1 fxe5 23. Rab1 Rb6 24. Bc7 Ke7 25. Bxb6 axb6 26. Rb2 Ra8
27. Kg2 Ra3 28. Rc1 Kd6 29. Kf3 Kc6 30. e3 Nf6 31. Rd2 h5 32. h3 Nh7 33. h4 Nf6
34. Rb2 Kc7 35. Rcb1 Nd7 36. g4 hxg4+ 37. Kxg4 Rxc3 38. Kf3 Kc6 39. Rg1 b5 40.
Rd2 Nb6 41. Rxg7 Rc1 42. Rgg2 b4 43. h5 c3 44. Rc2 Rf1+ 45. Rcf2 Rd1 46. h6 Rd8
47. h7 Rh8 48. Rh2 c4 49. Ke2 b3 50. axb3 cxb3 51. Rf1 Kc5 52. Rg1 b2 53. Kf3
Kb4 54. Kg4 Kb3 55. Kg5 c2 56. Rxc2 Kxc2 57. Rg2+ Kc3 0-1

[Event "TournoiMI Condom 2013"]
[Site "Condom"]
[Date "????.??.??"]
[Round "9.3"]
[White "Milchev, Nikolay"]
[Black "Song, Julien"]
[Result "0-1"]
[WhiteElo "2433"]
[BlackElo "2409"]
[PlyCount "84"]

1. Nf3 f5 2. d4 Nf6 3. c4 e6 4. g3 Be7 5. Bg2 O-O 6. O-O d6 7. Nc3 Ne4 8. Qc2
Nxc3 9. Qxc3 Bf6 10. b3 Nc6 11. Bb2 Qe8 12. Qd2 e5 13. dxe5 dxe5 14. e4 Be6 15.
exf5 Bxf5 16. Rad1 e4 17. Nd4 Bg4 18. Rde1 Rd8 19. Bxe4 Nxd4 20. Bxd4 Rxd4 21.
Bd5+ Rxd5 22. Qxd5+ Qf7 23. Qxf7+ Kxf7 24. Kg2 Rd8 25. h3 Bd7 26. Rd1 Bc6+ 27.
f3 Rxd1 28. Rxd1 a5 29. a4 g5 30. Kf2 Be7 31. Ke2 Bd6 32. g4 Kf6 33. Rh1 Ke5
34. h4 Kf4 35. Rh3 gxh4 36. Rxh4 Bxf3+ 37. Kd2 Bb4+ 38. Kc1 Be4 39. g5+ Ke5 40.
Rh2 Bg6 41. Rf2 Be7 42. Re2+ Be4 0-1

[Event "TournoiMI Condom 2013"]
[Site "Condom"]
[Date "????.??.??"]
[Round "9.5"]
[White "Vedmediuc, Serghei"]
[Black "Kirk, Ezra"]
[Result "1/2-1/2"]
[WhiteElo "2460"]
[BlackElo "2290"]
[PlyCount "41"]

1. e4 c6 2. d4 d5 3. exd5 cxd5 4. c4 Nf6 5. Nc3 Nc6 6. Nf3 Bg4 7. cxd5 Nxd5 8.
Qb3 Bxf3 9. gxf3 e6 10. Qxb7 Nxd4 11. Bb5+ Nxb5 12. Qc6+ Ke7 13. Qxb5 Qd7 14.
Nxd5+ Qxd5 15. Bg5+ f6 16. Qxd5 exd5 17. Be3 Ke6 18. O-O-O Bb4 19. a3 Rhc8+ 20.
Kb1 Bc5 21. Rhe1 1/2-1/2